| 000 | 00556nam a2200157Ia 4500 | ||
|---|---|---|---|
| 008 | 220216s9999 xx 000 0 und d | ||
| 100 | _aThulaseedharan A. | ||
| 245 | 0 | _aTransgenic approaches for abiotic stress tolerance in Hevea brasiliensis | |
| 260 |
_bInternational Symposium on Molecular Approaches for Improved Crop Productivity and Quality, 22-24 May 2002, Coimbatore, India. _c2002 |
||
| 650 | _aAbiotic stress | ||
| 650 | _aGenetic transformation | ||
| 650 | _aTransgenic plant | ||
| 700 | _aJayashree R. | ||
| 700 | _aSobha S. | ||
| 942 | _cBS | ||
| 999 |
_c52976 _d52976 |
||